Images of post - soviet kazakhstan : (Record no. 141979)

MARC details
000 -LEADER
fixed length control field 00676nam a22001937a 4500
005 - DATE AND TIME OF LATEST TRANSACTION
control field 20170627164518.0
010 ## - LCCN (DPL NO)
LC control number ENG-118922
020 ## - INTERNATIONAL STANDARD BOOK NUMBER
International Standard Book Number 9789386288028
Terms of availability 860.00
035 ## - SYSTEM CONTROL NUMBER
System control number EN-102454
037 ## - SOURCE OF ACQUISITION
Source of stock number/acquisition DBAD/PUB
082 ## - DEWEY DECIMAL CLASSIFICATION NUMBER
Classification number 320.95845
100 ## - MAIN ENTRY--PERSONAL NAME
Personal name Chatterjee, Suchandana
245 ## - TITLE STATEMENT
Title Images of post - soviet kazakhstan :
Statement of responsibility, etc by Suchandana Chatterjee
Remainder of title a cosmopolittan space with borderland anxieties /
260 ## - PUBLICATION, DISTRIBUTION, ETC. (IMPRINT)
Place of publication, distribution, etc New Delhi
Name of publisher, distributor, etc Knowledge World
Date of publication, distribution, etc 2017
270 ## - ADDRESS
Address 4676/21, First Floor, Ansari Road Daryaganj
City New Delhi
Postal code 110002
300 ## - PHYSICAL DESCRIPTION
Extent xxvi,169p.
Dimensions 23cm(Hb)
500 ## - GENERAL NOTE
General note Includes bibliographical reference
942 ## - ADDED ENTRY ELEMENTS (KOHA)
Source of classification or shelving scheme Dewey Decimal Classification
Item type English Books
Classification part 320.95845
Call number suffix CHA
Holdings
Withdrawn status Lost status Not for loan Collection code Home library Current library Date acquired Source of acquisition Cost, normal purchase price Full call number Barcode Copy number Cost, replacement price Koha item type
    Not For Loan Non-fiction D.B.Act.Division Bawana 23/06/2017 DBAD/PUB 860.00 320.95845 CHA EN-102454 1 860.00 English Books

© Delhi Public Library
Hit Counter
free hit counter